El que no enseña no vende (Record no. 1615)

MARC details
000 -LEADER
campo de control de longitud fija 01079nam a2200145 4500
008 - DATOS DE LONGITUD FIJA--INFORMACIÓN GENERAL
campo de control de longitud fija 708 EL37e
020 ## - NÚMERO INTERNACIONAL ESTÁNDAR DEL LIBRO
Número Internacional Estándar del Libro 9789930964606
082 ## - NÚMERO DE LA CLASIFICACIÓN DECIMAL DEWEY
Número de clasificación 708
Número de ítem EL37e
100 ## - ENTRADA PRINCIPAL--NOMBRE DE PERSONA
Nombre de persona Collado Chaves, Adriana (editora)
9 (RLIN) 6674
245 ## - MENCIÓN DEL TÍTULO
Título El que no enseña no vende
260 ## - PUBLICACIÓN, DISTRIBUCIÓN, ETC.
Lugar de publicación, distribución, etc. San José, Costa Rica
Nombre del editor, distribuidor, etc. Museo de Arte y Diseño Contemporáneo
Fecha de publicación, distribución, etc. 2017
300 ## - DESCRIPCIÓN FÍSICA
Extensión 95 p.
Otras características físicas ill (col)
Dimensiones 24 x 21 cm
505 ## - NOTA DE CONTENIDO CON FORMATO
Título El zócalo urbano como espejo
Mención de responsabilidad Fiorella Resenterra
Título El que no enseña no vende...Diseño de tiendas con historia en San José centro
Mención de responsabilidad Adriana Collado
Título La ciudad de los doce clanes
Mención de responsabilidad Osvaldo López
Título Una historia para San José: ¿cómo contamos este cuento?
Mención de responsabilidad Eunice Báez Sánchez
Título La tiendas
-- Librería Lehmann
-- Tienda Regis
-- Feoli Hnos Ltda.
-- Distribuidora y fábrica de ropa íntima Ana
-- Sastrería Scaglietti
-- Tienda La Gloria
-- Almacenes San Gil
-- Almacén La Ópera
-- Almacén Barguil
-- Almacén Antonio Gazel S.A. La Favorita
-- Bazar San José
-- Paraguería Rego
-- Créditos
650 ## - PUNTO DE ACCESO ADICIONAL DE MATERIA--TÉRMINO DE MATERIA
Subdivisión general arte contemporáneo
-- arte - exhibiciones
-- edificios históricos - San José
-- arquitectura costarricense
9 (RLIN) 6675
Holdings
Estatus retirado Estado de pérdida Fuente del sistema de clasificación o colocación Estado de daño No para préstamo Biblioteca de origen Biblioteca actual Ubicación en estantería Fecha de adquisición Total de préstamos Signatura topográfica completa Código de barras Visto por última vez Precio de reemplazo Tipo de ítem Koha
    Clasificación Decimal Dewey     Biblioteca LadoV Biblioteca LadoV   13/09/2018   708 EL37e 002160 13/09/2018 13/09/2018 Material 01